Method for the determination of seam slippage of woven fabrics (Record no. 73061)

MARC details
000 -LEADER
fixed length control field 00400nam a2200133Ia 4500
245 #0 - TITLE STATEMENT
Title Method for the determination of seam slippage of woven fabrics
260 ## - PUBLICATION, DISTRIBUTION, ETC. (IMPRINT)
Place of publication London
260 ## - PUBLICATION, DISTRIBUTION, ETC. (IMPRINT)
Year of publication 1970
Name of publisher British Standards Institution
490 ## - SERIES STATEMENT
Series statement British Standards
500 ## - GENERAL NOTE
General note Standard number: BS 3320
650 ## - SUBJECT ADDED ENTRY--TOPICAL TERM
Topical Term Woven fabrics-seam slippage
942 ## - ADDED ENTRY ELEMENTS (KOHA)
Koha item type Standards
Holdings
Withdrawn status Lost status Damaged status Not for loan Home library Current library Date acquired Koha item type
      Standards RRII Library RRII Library 31/12/2021 Standards